000 00451nam a22001937a 4500
003 MPLRDC
005 20220104172942.0
008 210129b ||||| |||| 00| 0 eng d
020 _a0-7645-8386-7
082 _a437.66 GOR
100 _aANN GORDON
245 _aDACHSHUND
_c
250 _a2ND ED.
260 _aU.S.A.
_bWILEY PUBLISHING
_c2005
300 _b144
490 _aYOUR HAPPY HEALTHY PET
650 _aDOG
942 _cBK
_o437.66 GOR
999 _c59193
_d59183